000 00766nam a2200253 a 4500
001 69435
003 BD-RjUL
005 20211209081905.0
008 170411r19551952enka 001 0 eng d
035 _a(BD-RjUL)69646
040 _aDLC
_cCUV
_dEQO
_dBD-RjUL
_beng
041 _aeng
082 _a523.4
_223
_bJOL 1955
100 1 _aJones, H. Spencer
_q(Harold Spencer),
_d1890-1960.
_9205667
245 1 0 _aLife on other worlds /
_cby H. Spencer Jones.
250 _a2nd ed.
260 _aLondon :
_bThe English Universities Press, ltd.,
_c1952 [Reprinted 1955]
300 _axiii, 259 p. :
_bill. ;
_c20 cm.
500 _aIncludes Indexes
650 0 _aPlanets.
_9156541
650 0 _aPlurality of worlds.
_9150807
942 _2ddc
_cBK
999 _c69435
_d69435